Ο Βασιλικός : δράμα εις πέντε πράξεις συνταχθέν εν έτει 1829-1830
Αποθηκεύτηκε σε:
| Κύριος συγγραφέας: | |
|---|---|
| Άλλοι συγγραφείς: | , |
| Μορφή: | Βιβλίο |
| Γλώσσα: | Greek |
| Δημοσίευση: |
Αθήναι :
Παπαδημητρίου,
[1953]
|
| Σειρά: | 100 Αθάνατα Έργα ;
; 38 |
| Θέματα: | |
| Ετικέτες: |
Προσθήκη ετικέτας
Δεν υπάρχουν, Καταχωρήστε ετικέτα πρώτοι!
|
MARC
| LEADER | 00000cam a2200000 i 4500 | ||
|---|---|---|---|
| 001 | 1/98434 | ||
| 008 | 081128s1953 gr | ||| |||| ||gre|| | ||
| 035 | |l 10102090 | ||
| 040 | |a GR-MY-UA |b gre |e aacr | ||
| 041 | 0 | |a gre | |
| 082 | 0 | |a 889.31 |2 (22) | |
| 100 | 1 | |a Μάτεσις, Αντώνιος, |d 1794-1875. | |
| 245 | 1 | 2 | |a Ο Βασιλικός : |b δράμα εις πέντε πράξεις συνταχθέν εν έτει 1829-1830 / |c Αντωνίου Ματέσι ; προλεγόμενα Λ. Κούκουλα ; σημειώσεις, σχόλια, γλωσσάριο Τάσου Βούρνα |
| 260 | |a Αθήναι : |b Παπαδημητρίου, |c [1953] | ||
| 300 | |a 271 σ.; |c 21 εκ. | ||
| 490 | 1 | |a 100 αθάντα έργα |v ; 38 | |
| 500 | |a "Με βάση την πρώτη έκδοση τυπωμένη στα <<Άπαντα>> του Α. Μάτεσι με επιμέλεια Σ. Δεβιάζη, Ζάκυνθος 1881, στο τυπογραφείο Σέργιου Ραφτάνη" | ||
| 650 | 0 | 0 | |a Greek fiction. |
| 700 | 1 | |a Κουκούλας, Λέων, |d 1894-1967. |4 trl | |
| 700 | 1 | |a Βουρνάς, Τάσος, |d 1914-1990. |4 trl | |
| 830 | 0 | |a 100 Αθάνατα Έργα ; |v ; 38 | |
| 852 | |a INST |b RHODES |c AKA |e 20081128 |h 889.31 ΜΑΤ |p 005400031457 |q 005400031457 |t BK |y 0 | ||
| 901 | |a BIBL4-2008-3 | ||
| 909 | |a Ρ |b 156493 | ||
| 970 | |a ΚΟΖΑ |b ΜΑΡΙΑ |z 2008/11/28 | ||